Central Library OPAC University of Rajshahi

Years of change in Bengal and Assam / (Record no. 64922)

MARC details
000 -LEADER
fixed length control field 00739nam a2200229 a 4500
001 - CONTROL NUMBER
control field 64922
003 - CONTROL NUMBER IDENTIFIER
rucl marc code BD-RjUL
005 - DATE AND TIME OF LATEST TRANSACTION
control field 20211209081352.0
008 - FIXED-LENGTH DATA ELEMENTS--GENERAL INFORMATION
fixed length control field 250217s1966 enkbcf 001 0 eng
035 ## - SYSTEM CONTROL NUMBER
System control number (BD-RjUL)65052
040 ## - CATALOGING SOURCE
Original cataloging agency DLC
Transcribing agency DLC
Modifying agency BD-RjUL
Language of cataloging eng
041 ## - LANGUAGE CODE
Language code of text/sound track or separate title eng
082 00 - DEWEY DECIMAL CLASSIFICATION NUMBER
Classification number 354.541
Edition number 23
Author mark and year REY 1966
100 1# - MAIN ENTRY--PERSONAL NAME
Personal name Reid, Robert Neil,
Dates associated with a name 1883-1964.
9 (RLIN) 192477
245 10 - TITLE STATEMENT
Title Years of change in Bengal and Assam /
Statement of responsibility, etc. Sir Robert Reid, with a foreword by Ian Stephens.
260 ## - PUBLICATION, DISTRIBUTION, ETC. (IMPRINT)
Place of publication, distribution, etc. London :
Name of publisher, distributor, etc. Benn,
Date of publication, distribution, etc. 1966.
300 ## - PHYSICAL DESCRIPTION
Pagination 170 p. :
Illustrations ill. ;
Size 22 cm.
500 ## - GENERAL NOTE
General note Includes index.
651 #0 - SUBJECT ADDED ENTRY--GEOGRAPHIC NAME
Geographic name West Bengal (India)
General subdivision Politics and government.
9 (RLIN) 190851
Geographic name Assam (India)
General subdivision Politics and government.
9 (RLIN) 192478
942 ## - ADDED ENTRY ELEMENTS (KOHA)
Source of classification or shelving scheme Dewey Decimal Classification
Koha item type Books
Holdings
Lost status Source of classification or shelving scheme Damaged status Not for loan Collection code Permanent Location Current Location Shelving location Date acquired Source of acquisition Cost, normal purchase price Total Checkouts Full call number Date last seen Copy number Koha item type
  Dewey Decimal Classification   Not For Loan Non-fiction Central Library, University of Rajshahi Central Library, University of Rajshahi Reading Room 30/11/1968 Zeitlinger 42.00   354.541 REY 1966 25/02/2017 C-1 Books